|
|
|
|
| LEADER |
00000cam a22000004a 4500 |
| 001 |
musev2_21653 |
| 003 |
MdBmJHUP |
| 005 |
20230905042317.0 |
| 006 |
m o d |
| 007 |
cr||||||||nn|n |
| 008 |
130418r20132012cm o 00 0 eng d |
| 020 |
|
|
|a 9789956728114
|
| 020 |
|
|
|z 9789956728046
|
| 035 |
|
|
|a (OCoLC)828740572
|
| 040 |
|
|
|a MdBmJHUP
|c MdBmJHUP
|
| 043 |
|
|
|a f-cm---
|
| 050 |
|
4 |
|a PR9372.6
|b .F575 2012
|
| 245 |
0 |
0 |
|a First Harvests :
|b A Collection of Poems from Nkongho-Mboland /
|c edited by Fonkeng E.F. & Fonsah E. G.
|
| 264 |
|
1 |
|a [Oxford, Eng.] :
|b Distributed in N. America by African Books Collective,
|c 2012
|
| 264 |
|
3 |
|a Baltimore, Md. :
|b Project MUSE,
|c 2013
|
| 264 |
|
4 |
|c ©2012
|
| 300 |
|
|
|a 1 online resource (76 pages):
|b digital file.
|
| 336 |
|
|
|a text
|b txt
|2 rdacontent
|
| 337 |
|
|
|a computer
|b c
|2 rdamedia
|
| 338 |
|
|
|a online resource
|b cr
|2 rdacarrier
|
| 500 |
|
|
|a Issued as part of book collections on Project MUSE.
|
| 506 |
|
|
|a Access restricted to authorized users and institutions.
|
| 520 |
|
|
|a First Harvests are expressions of impressions on a variety of local and universal phenomena and states of being. It is the first ever poetry collection by a few sons and daughters of Nkongho-Mbo, a subgroup of the Mbo ethnic group of Cameroon, on which very little has been published. The poems however transcend the geographical, cultural and emotional landscapes that have inspired them.
|
| 588 |
|
|
|a Description based on print version record.
|
| 650 |
|
0 |
|a Cameroonian poetry (English)
|
| 655 |
|
7 |
|a Electronic books.
|2 local
|
| 700 |
1 |
|
|a Fonsah, Esendugue Gregory.
|
| 700 |
1 |
|
|a Fonkeng, E. F.
|
| 710 |
2 |
|
|a Project Muse.
|
| 776 |
1 |
8 |
|i Print version:
|z 9956728047
|z 9789956728046
|
| 710 |
2 |
|
|a Project Muse.
|e distributor
|
| 830 |
|
0 |
|a Book collections on Project MUSE.
|
| 856 |
4 |
0 |
|z Texto completo
|u https://projectmuse.uam.elogim.com/book/21653/
|
| 945 |
|
|
|a Project MUSE - Custom Collection
|
| 945 |
|
|
|a Project MUSE - 2013 Poetry, Fiction and Creative Non-Fiction
|
| 945 |
|
|
|a Project MUSE - 2013 African Studies
|
| 945 |
|
|
|a Project MUSE - 2013 Complete
|